University Home | Library Home | Institutional Repository

The climatology of the arid world / (Record no. 153407)

MARC details
000 -LEADER
fixed length control field 00797cam1a220025300 4500
001 - CONTROL NUMBER
control field lce00313528
008 - FIXED-LENGTH DATA ELEMENTS--GENERAL INFORMATION
fixed length control field 770706s1975 enkabd b 000 0 eng
010 ## - LIBRARY OF CONGRESS CONTROL NUMBER
LC control number 77358405 //r88
015 ## - NATIONAL BIBLIOGRAPHY NUMBER
National bibliography number GB77-02995
020 ## - INTERNATIONAL STANDARD BOOK NUMBER
Terms of availability L.0.50
035 ## - SYSTEM CONTROL NUMBER
System control number (Sirsi) r14772
035 ## - SYSTEM CONTROL NUMBER
System control number (DLC) 77358405 //r88
035 ## - SYSTEM CONTROL NUMBER
System control number (UPRA)lce00313528
050 0# - LIBRARY OF CONGRESS CALL NUMBER
Classification number QC993.7
Item number .T45
082 ## - DEWEY DECIMAL CLASSIFICATION NUMBER
Classification number 551.6/9/154
100 1# - MAIN ENTRY--PERSONAL NAME
Personal name Thompson, Russell D.
Linkage A48171.1
245 14 - TITLE STATEMENT
Title The climatology of the arid world /
Statement of responsibility, etc. [by] R. D. Thompson.
260 ## - PUBLICATION, DISTRIBUTION, ETC.
Place of publication, distribution, etc. Reading :
Name of publisher, distributor, etc. Department of Geography, University of Reading,
Date of publication, distribution, etc. 1975.
440 #0 - SERIES STATEMENT/ADDED ENTRY--TITLE
International Standard Serial Number 0305-5914 ; v20.1..1.6
Linkage S3975.1
504 ## - BIBLIOGRAPHY, ETC. NOTE
Bibliography, etc. note Bibliography: p. 38-[39].
650 #0 - SUBJECT ADDED ENTRY--TOPICAL TERM
Topical term or geographic name entry element Arid regions climate.
Linkage S53271.1
949 ## - LOCAL PROCESSING INFORMATION (OCLC)
a QC993.7
w lcc
i -8939
m MAIN
t BOOK
l ON-SHELF

No items available.

© 2026 - The University of Zambia Library - Koha v25.11